书目信息 |
| 题名: |
数学模型在生态学的应用及研究
|
|
| 作者: | 杨东方 , 苗振清 编著 | |
| 分册: | 3 | |
| 出版信息: | 北京 海洋出版社 2009 |
|
| 页数: | 294页 | |
| 开本: | 28cm | |
| 丛书名: | ||
| 单 册: | ||
| 中图分类: | Q141 | |
| 科图分类: | ||
| 主题词: | 数学模型--应用--生态学--研究 , 数学模型 , 生态学 | |
| 电子资源: | ||
| ISBN: | 978-7-5027-7273-4 | |
| 000 | 01066nam0 2200265 45 | |
| 005 | 20100303151910.68 | |
| 010 | @a978-7-5027-7273-4@dCNY60.00 | |
| 100 | @a20100120d2009 em y0chiy0110 ea | |
| 101 | 0 | @achi |
| 102 | @aCN@b110000 | |
| 105 | @ay z 000yy | |
| 106 | @ar | |
| 200 | 1 | @a数学模型在生态学的应用及研究@AShu Xue Mo Xing Zai Sheng Tai Xue De Ying Yong Ji Yan Jiu@dThe application and research of mathematical model in ecology. 3@h3@f杨东方,苗振清编著@FYang Dong Fang, Miao Zhen Qing Bian Zhu@zeng |
| 210 | @a北京@c海洋出版社@d2009 | |
| 215 | @a294页@d28cm | |
| 330 | @a本书介绍了各种各样的数学模型在生态学不同领域的应用,阐述了数学模型建立的背景、数学模型的组成和结构以及数学模型应用的意义等。 | |
| 510 | 1 | @aApplication and research of mathematical model in ecology@h3@zeng |
| 606 | 0 | @a数学模型@x应用@x生态学@x研究 |
| 606 | 0 | @a数学模型 |
| 606 | 0 | @a生态学 |
| 690 | @aQ141@v4 | |
| 701 | 0 | @a杨东方@AYang Dong Fang@4编著 |
| 701 | 0 | @a苗振清@AMiao Zhen Qing@4编著 |
| 801 | 0 | @aCN@bTANGWEI@c20100303 |
| 905 | @b0584161-65@dQ141@e153:3@f5 | |
| 数学模型在生态学的应用及研究=The application and research of mathematical model in ecology. 3.3/杨东方,苗振清编著.-北京:海洋出版社,2009 |
| 294页;28cm |
| ISBN 978-7-5027-7273-4:CNY60.00 |
| 本书介绍了各种各样的数学模型在生态学不同领域的应用,阐述了数学模型建立的背景、数学模型的组成和结构以及数学模型应用的意义等。 |
| ● |
| 相关链接 |
|
|
|
|
正题名:数学模型在生态学的应用及研究
索取号:Q141/153:3
 
预约/预借
| 序号 | 登录号 | 条形码 | 馆藏地/架位号 | 状态 | 备注 |
| 1 | 0584161 | 205841614 | 第二样本阅览室/ [索取号:Q141/153:3] | 在馆 | |
| 2 | 0584162 | 205841623 | 第三借阅区/ [索取号:Q141/153:3] | 在馆 | |
| 3 | 0584163 | 205841632 | 第三借阅区/ [索取号:Q141/153:3] | 在馆 | |
| 4 | 0584164 | 205841641 | 第三借阅区/ [索取号:Q141/153:3] | 在馆 | |
| 5 | 0584165 | 205841650 | 第三借阅区/ [索取号:Q141/153:3] | 在馆 |